| 000 | 00886nam a2200265 i 4500 | ||
|---|---|---|---|
| 001 | 8205 | ||
| 003 | ES-MaACL | ||
| 005 | 20250624194250.0 | ||
| 007 | t| | ||
| 008 | 920306s1990 sp ||||1| spa d | ||
| 020 | _a84-249-1436-8 | ||
| 080 | _a86-14.1"15" | ||
| 080 | _a86(León,L.de 1.07) | ||
| 100 | 1 |
_aLeón, Luis de, _d1527-1591 _971583 |
|
| 245 | 1 | 0 |
_aPoesía completa / _cFray Luis de León ; edición de José Manuel Blecua. |
| 260 |
_aMadrid : _bGredos, _cD.L. 1990. |
||
| 300 |
_a797 p. ; _c24 cm. |
||
| 490 | 1 |
_aBiblioteca románica hispánica. IV. Textos ; _v19 |
|
| 500 | _aIndices. | ||
| 600 | 1 | 4 |
_aLeón, Luis de, _d1527-1591- _xCrítica e interpretación _971582 |
| 700 | 0 |
_aBlecua, José Manuel. _929459 |
|
| 830 | 0 |
_aBiblioteca románica hispánica. IV. Textos ; _v19 _9178362 |
|
| 852 |
_aES-MaACL _jL-15438 _bR.119880 |
||
| 999 |
_c8205 _d8205 |
||